| 000 | 00951nam a22002897a 4500 | ||
|---|---|---|---|
| 001 | BR9902823 | ||
| 003 | BR-BrBNA | ||
| 005 | 20230928100245.0 | ||
| 007 | ta | ||
| 008 | 230509b bl.||||| |||| 00| 0 por d | ||
| 040 |
_aBR-BrBNA _bpor _cBiblioteca Nacional de Agricultura |
||
| 041 | _a(Por) | ||
| 072 |
_aJ12 _b8901 |
||
| 090 | _ 8901 BR9902823 | ||
| 100 | 1 | _aRibeiro, B. de A.M. | |
| 110 | 1 |
_aEscola Superior de Agricultura Luiz de Queiroz, Piracicaba, SP (Brasil) _0Tese (Mestre em Ciencias) |
|
| 245 | 1 | _aCoordenacao vertical do transporte de madeira: analise empirica dos arranjos institucionais existentes na industria brasileira de celulose | |
| 260 | 3 |
_aPiracicaba, SP (Brasil): _c1998. |
|
| 300 | _a113 p. | ||
| 500 | _aSummaries (Eng, Por); 28 ref.; 9 illus.; 17 tables | ||
| 650 | _aCelulose | ||
| 650 | _aAgribusiness | ||
| 650 | _aMadeira | ||
| 650 | _aTransporte | ||
| 909 |
_a202309 _bLucia _c55 _dLucia Elande |
||
| 942 | _cBK | ||
| 999 |
_c60738 _d60738 |
||